000 01169nam a22003254a 4500
001 ebr10038988
003 CaPaEBR
006 m u
007 cr cn|||||||||
008 000302s2000 dcu s i000 0 eng
010 _z 00028297
020 _z0195211286
040 _aCaPaEBR
_cCaPaEBR
035 _a(OCoLC)70736435
050 1 4 _aHF1418.7
_b.T725 2000eb
082 0 4 _a382/.9
_221
245 0 0 _aTrade blocs
_h[electronic resource].
260 _aOxford, England ;
_aNew York :
_bOxford University Press,
_c2000.
300 _a144 p.
490 1 _aWorld Bank policy research report
533 _aElectronic reproduction.
_bPalo Alto, Calif. :
_cebrary,
_d2013.
_nAvailable via World Wide Web.
_nAccess may be limited to ebrary affiliated libraries.
650 0 _aTrade blocs.
650 0 _aRegionalism.
650 0 _aCommercial policy.
650 0 _aInternational economic integration.
655 7 _aElectronic books.
_2local
710 2 _aebrary, Inc.
830 0 _aWorld Bank policy research report.
856 4 0 _uhttp://site.ebrary.com/lib/rucke/Doc?id=10038988
_zAn electronic book accessible through the World Wide Web; click to view
999 _c58123
_d58123